An introduction to the cloze procedure : an annotated bibliography /

Bibliographic Details
Main Author: McKenna, Michael C.
Other Authors: Robinson, Richard David, 1940-
Format: Book
Language:English
Published: Newark, Del. : International Reading Association, 1980.
Edition:1980 revision.
Subjects:

MARC

Tag First Indicator Second Indicator Subfields
LEADER 00000pam a2200000 a 4500
001 in00000075602
005 20151008053647.0
008 791126s1980 deu b 00010 engm
010 |a  79025791  
020 |a 0872073254 
035 |a (OCoLC)05777331 
035 |9 AAH8197AM 
040 |a DLC  |c DLC  |d m.c.  |d TXA  |d UtOrBLW 
049 |a TXAM  |c [800320] 
050 0 0 |a Z5814.R25  |b R6 1980  |a LB1050.3 
082 0 |a 016.428/4/076 
100 1 |a McKenna, Michael C. 
245 1 3 |a An introduction to the cloze procedure :  |b an annotated bibliography /  |c compiled by Michael C. McKenna and Richard D. Robinson. 
250 |a 1980 revision. 
264 1 |a Newark, Del. :  |b International Reading Association,  |c 1980. 
300 |a 40 pages ;  |c 22 cm. 
336 |a text  |b txt  |2 rdacontent 
337 |a unmediated  |b n  |2 rdamedia 
338 |a volume  |b nc  |2 rdacarrier 
500 |a Edition of 1972 compiled by R.D. Robinson. 
650 0 |a Cloze procedure  |x Bibliography. 
700 1 |a Robinson, Richard David,  |d 1940- 
700 1 |a Robinson, Richard David,  |d 1940-  |t Introduction to the cloze procedure. 
999 |a MARS 
999 f f |s 3a0fd696-f0a0-3bef-b4fb-12ecd71b952f  |i 720bc61b-a58d-37ec-8140-b78b3a8acaa6  |t 0 
952 f f |p ric  |a Texas A&M University  |b Rellis Campus  |c Joint Library Facility  |d Remote Storage  |t 0  |e Z5814.R25 R6 1980  |h Library of Congress classification  |i unmediated -- volume  |m A14842130958 
998 f f |a Z5814.R25 R6 1980  |t 0  |l Remote Storage